000 05176nam a2200517 a 4500
001 dia_394
003 CHAP
005 20250815112220.0
007 ta
008 220117s1999 mx d frm 001 0 spa d
010 _a170946
040 _cCHAP
_amxchpua
_erda
041 0 _aspa
_beng
090 _aTesis C33 1999
_bC33
_c1999
100 1 _aCabrera Juárez, Enedina
240 1 0 _aEffect of different mixtures of cow and goat milk as well as calcium chloride in the white and filled cheese.
_lEspañol
245 1 0 _aEfecto de diferentes mezclas de leche de vaca y cabra, así como de cloruro de calcio en la elaboración de queso blanco relleno /
_cEnedina Cabrera Juárez
264 _aChapingo, México :
_bEl autor,
_c1999
300 _aiii, 46 hojas :
_bgráficas, diagramas, tablas
336 _2rdacontent
_atexto
_btxt
337 _2rdamedia
_ano mediado
_bn
338 _2rdacarrier
_avolumen
_bnc
502 _aTesis
_b(Ingeniero Agroindustrial) --
_cUACh. Departamento de Ingeniería Agroindustrial,
_d1999
504 _aBibliografía: hojas 44-46
520 3 _aLa transformación tecnológica de la leche de cabra se ha orientado principalmente a la elaboración de queso, en su mayoría de tipo fresco, con leche cruda y a nivel artesanal. Por lo general los procesos a pequeña escala no incluyen grandes equipos. Actualmente, la industria quesera ha optado por el empleo de sustitutos en la leche para elaborar quesos no genuinos, lo que le permite disminuir los costos de producción; tal es el caso del queso blanco relleno. Este queso, a base de una mezcla de leche de vaca y cabra, con adición de grasa vegetal, requiere de un homogeneizador, el cual se sustituyó por una licuadora semi industrial. En el estudio se aplicó un diseño completamente al azar con arreglo factorial; se trataron diferentes mezclas de leche de vaca y cabra y distintas concentraciones de cloruro de calcio. Se elaboraron quesos de 1 kg, y se compararon sensorialmente con uno comercial. De la comparación se halló que entre los tratamientos y el testigo hubo diferencias, pero entre los tratamientos, no. Se seleccionaron 3 tratamientos al azar para determinarles proteína, cenizas, humedad y grasa El análisis bromatológico reveló que no existe diferencia entre los tratamientos, sin embargo, sí existe entre tratamientos y el testigo. El contenido de proteína no es diferente estadísticamente entre los tratamientos y el testigo; el de cenizas es menor en los tratamientos; la humedad es mayor en los tratamientos, y el contenido de grasa es menor. Se encontró también que a mayor concentración de leche de cabra se pierde más grasa. Por lo anterior todavía no se puede recomendar ningún tratamiento. --
520 3 _aThechnological transformation of goat milk has mainly been led to the elaboration of cheese, most of the times fresh, with raw milk, and in the handcraft level. The small scale processes do not include large equipment, in general. Recently, the cheese industry has decided to use substitutes in milk in order to make non-genuine cheese, which allows to lower the production cost, this is the case of white filled cheese. This kind of cheese, based upon a mixture of cow and goat milk with and addition of vegetable fat, requires a homogenizer, which in this case was substituted by a semi-industrial blender. In this study it was used a desing at random with factorial adjustment. Diferent mixtures of cow and goat milk and diferent concentrations of calcium chloride were treated. They were made pieces of cheese of 1 kg, and they were compared with a commercial one. Through the comparison it was found that there were differences between the treatments and the Control. but not among the treatmnents. Three treatments were selected at random in order to determine the levels of protein, ashes, water and fat. The chemical analysis reveales that there were not any differences among the treatments, however, there were differences between the treatments and control. The Content of protein is not statistically diferent between the treatments and the control, the content of ashes is lower in the treatments, the water is higher in the treatments, and the content of fat is lower. Is was also found out that, with a higher concentration of goat m1lk, more fat is iost. For this reason, it is not possible to recommend any treatment yet. 
650 1 3 _aCloruro de calcio
_2atg
650 1 3 _aFabricación de queso
_2atg
650 1 3 _aLeche
_2atg
650 1 3 _aLeche de cabra
_2atg
650 1 3 _aCheesemaking
_2atg
650 1 3 _aCalcium chloride
_2atg
650 1 3 _aGoat milk
_2atg
650 1 3 _aMilk
_2atg
700 1 _aHernández Montes, Arturo
_easesor
700 1 _aMejenes Quijano, Amilcar Renán
_easesor
700 1 _aSantos Moreno, Armando
_edirector
856 4 1 _uhttp://10.13.5.2/tesis/1999_CABRERA_JUAREZ_ENEDINA_Tesis.pdf
_yDESCARGAR PDF
901 _aTESIS C33 1999
902 _aM
905 _a5232271999 mx nm 8223123322spa16
942 _cTESIS
_2Clasificación Universidad Autónoma Chapingo
999 _c170946
_d170946